Countries Losing the Most People to the Black Death - Statistics

General Stats
  • This quiz has been taken 403 times
  • The average score is 13 of 16
Answer Stats
Population Loss Country Population (1300) Population (1400) Population Decline (%) % Correct
-2 M Spain 7.5 M 5.5 M -27%
99%
-3.43 M United Kingdom 6.33 M 2.9 M -54%
99%
-4.88 M France 15.81 M 10.93 M -31%
98%
-2.5 M Germany 9 M 6.5 M -28%
98%
-4.5 M Italy 12.5 M 8 M -36%
98%
-320 K Portugal 1.15 M 830 K -28%
92%
-350 K Greece 1.25 M 900 K -28%
89%
-8.72 M China 79.97 M 71.25 M -11%
87%
-1.4 M Türkiye 7.2 M 5.8 M -19%
87%
-750 K Austria 2 M 1.25 M -38%
86%
-450 K Belgium 1.25 M 800 K -36%
80%
-670 K Sweden 1.1 M 430 K -61%
74%
-650 K Egypt 4.7 M 4.05 M -14%
70%
-350 K Czechia 2.16 M 1.8 M -17%
68%
-450 K Bulgaria 1 M 550 K -45%
63%
-270 K Saudi Arabia 2.22 M 1.95 M -12%
31%
No matching quizzes found
Score Distribution
Percent of People with Each Score
Percentile by Number Answered
Your Score History
You have not taken this quiz